| 000 | nam a22 a 4500 | ||
|---|---|---|---|
| 999 |
_c3146 _d3146 |
||
| 005 | 20170519153339.0 | ||
| 008 | 170519b2002 enk||||| |||| 00| 0 eng d | ||
| 020 |
_a0787960357 _cNo price |
||
| 040 | _aAKMAL | ||
| 082 | _a658.3124 HAL | ||
| 090 |
_a658.3124 _bHAL |
||
| 100 |
_aHale, Judith A. _96499 |
||
| 245 |
_aPerformance-based evaluation _btools and techniques to measure the impact of training / _cJudith Hale. |
||
| 260 |
_aSan Francisco _a[Great Britain] _bJossey-Bass/Pfeiffer _cc2002. |
||
| 300 |
_axxvii, 291 p. _bill. _c24cm |
||
| 500 | _aCD-ROM instructions on p. 289. | ||
| 500 | _aOne CD-ROM in pocket attached to inside back cover. | ||
| 504 | _aIncludes bibliographical references and index. | ||
| 650 |
_aEmployees _xTraining of _xEvaluation. _96500 |
||
| 852 |
_aBritish Library _bDSC |
||
| 852 |
_aBritish Library _bHMNTS |
||
| 942 |
_2ddc _cBOOK |
||